The open secret : (Record no. 8861)

MARC details
000 -LEADER
fixed length control field 00769cam a2200253 i 4500
001 - CONTROL NUMBER
control field 4155435
003 - CONTROL NUMBER IDENTIFIER
control field GBCCL
005 - DATE AND TIME OF LATEST TRANSACTION
control field 20241126110700.0
008 - FIXED-LENGTH DATA ELEMENTS--GENERAL INFORMATION
fixed length control field 780613s1978 miu b 001 0 eng
010 ## -
-- 78016423
020 ## - INTERNATIONAL STANDARD BOOK NUMBER
International Standard Book Number 0802817521 :
Terms of availability $4.95
040 ## - CATALOGING SOURCE
Original cataloging agency DLC
Transcribing agency DLC
Modifying agency DLC
050 00 -
-- BV601.8
-- .N4 1978
082 00 - DEWEY DECIMAL CLASSIFICATION NUMBER
Classification number 266
Item number NEW
100 1# - MAIN ENTRY--PERSONAL NAME
Personal name Newbigin, Lesslie.
9 (RLIN) 4867
245 14 - TITLE STATEMENT
Title The open secret :
Remainder of title sketches for a missionary theology /
Statement of responsibility, etc. by Lesslie Newbigin.
260 ## - PUBLICATION, DISTRIBUTION, ETC.
Place of publication, distribution, etc. Grand Rapids :
Name of publisher, distributor, etc. Eerdmans,
Date of publication, distribution, etc. c1978.
300 ## - PHYSICAL DESCRIPTION
Extent viii, 214 p. ;
Dimensions 21 cm.
504 ## - BIBLIOGRAPHY, ETC. NOTE
Bibliography, etc. note Includes bibliographical references.
650 #0 - SUBJECT ADDED ENTRY--TOPICAL TERM
Topical term or geographic name entry element Mission of the church.
9 (RLIN) 50
650 #0 - SUBJECT ADDED ENTRY--TOPICAL TERM
Topical term or geographic name entry element Missions
General subdivision Theory.
9 (RLIN) 48
906 ## - LOCAL DATA ELEMENT F, LDF (RLIN)
a 7
b cbc
c orignew
d 1
e ocip
f 19
g y-gencatlg
942 ## - ADDED ENTRY ELEMENTS (KOHA)
Source of classification or shelving scheme Dewey Decimal Classification
Koha item type Books
Koha issues (borrowed), all copies 2
Holdings
Withdrawn status Lost status Source of classification or shelving scheme Damaged status Not for loan Home library Current Library Shelving location Date acquired Total checkouts Full call number Barcode Date last seen Date last checked out Copy number Price effective from Koha item type
    Dewey Decimal Classification     GRACE BIBLE COLLEGE GRACE BIBLE COLLEGE Ministry & Mission 2021-12-15 2 266 NEW 015298 2025-05-01 2022-12-05 c.1 2021-12-15 Books
© Grace Bible College Library 2025